000 00291nam a2200121 a 4500
005 20141022142003.0
008 120308s19uu xx 00 eng d
050 _aCD
_bW69 2006
245 _aPrentice hall nurse's drug guide 2006.
260 _c2006.
500 _amini disc
942 _cAVM
999 _c276379
_d276379